| 000 | 00855nam a22002777a 4500 | ||
|---|---|---|---|
| 003 | CHAP | ||
| 005 | 20220329134847.0 | ||
| 008 | 971013s1959 r 10010 d | ||
| 010 | _a27045 | ||
| 011 | _a28017 | ||
| 035 | _a32118 | ||
| 040 | _cCHAP | ||
| 082 |
_a333.0972 _bC6 1959c |
||
| 111 | 0 | 0 |
_aCongreso Nacional Agrario ( _n1 _d: 1959 _c: Toluca, Méx.) _926880 |
| 245 |
_aConvocatoria _b: temario y reglamento |
||
| 260 |
_aToluca : _b(s.e.), _c1959 |
||
| 300 | _a36 p. | ||
| 590 |
_aBATCH-UPD _b10 _c20130110 _lUCH01 _h0952 |
||
| 590 |
_aBATCH-UPD _b10 _c20130410 _lUCH01 _h0606 |
||
| 590 |
_aBATCH-UPD _b10 _c20130914 _lUCH01 _h1921 |
||
| 590 |
_aCONVERSION _b10 _c20130109 _lUCH01 _h1316 |
||
| 650 | 1 | 4 |
_aTierras _xTenencia _zMéxico. _9113215 |
| 901 | _aBK | ||
| 942 | _cLIBRO | ||
| 949 |
_a333.0972 C6 1959c _bBC _cLIBRO _d33724000322921 _eLIBRO _i32118 _si |
||
| 999 |
_c27045 _d27045 |
||